000
00227nam a2200097Ia 4500
008
240331s9999 xx 000 0 und d
082
_b
KES
100
_a
Keshavan, K
245
0
_a
Suamariyathai Iyakkamum pothu udamayum
942
_c
L
999
_c
2400
_d
2400